Essentials of Management:an international perspective (Record no. 2227)

MARC details
000 -LEADER
fixed length control field 00448nam a22001697a 4500
005 - DATE AND TIME OF LATEST TRANSACTION
control field 20180813155426.0
008 - FIXED-LENGTH DATA ELEMENTS--GENERAL INFORMATION
fixed length control field 160531b xxu||||| |||| 00| 0 eng d
020 ## - INTERNATIONAL STANDARD BOOK NUMBER
ISBN 978-0-07-014495-8
041 ## - LANGUAGE CODE
Language code of text/sound track or separate title eng
082 ## - DEWEY DECIMAL CLASSIFICATION NUMBER
Item number 6286
Classification number 658.4
100 ## - MAIN ENTRY--AUTHOR NAME
Personal name Koontz, Harold & Weihrich, Heinz
245 ## - TITLE STATEMENT
Title Essentials of Management:an international perspective
260 ## - PUBLICATION, DISTRIBUTION, ETC. (IMPRINT)
Name of publisher TMH
Year of publication 2009
Place of publication delhi
300 ## - PHYSICAL DESCRIPTION
Number of Pages 446p,
650 ## - SUBJECT ADDED ENTRY--TOPICAL TERM
Topical Term Management
942 ## - ADDED ENTRY ELEMENTS (KOHA)
Koha item type Books
Holdings
Lost status Damaged status Home library Shelving location Date acquired Cost, normal purchase price Full call number Accession Number Koha item type Collection code Current library
    JRU Library SHELF - 19 - J 31/05/2016 285.00 658.4 6286 Books    
    JRU Library SHELF-65-I 31/05/2016 285.00 658.4 6287 Books MANAGEMENT JRU Library
    JRU Library SHELF-65-I 31/05/2016 285.00 658.4 6288 Books MANAGEMENT JRU Library
    JRU Library SHELF-65-I 31/05/2016 285.00 658.4 6289 Books    
    JRU Library SHELF-65-I 31/05/2016 285.00 658.4 6290 Books MANAGEMENT JRU Library
    JRU Library SHELF-75-J 31/05/2016 285.00 658.4 6291 Books MANAGEMENT JRU Library
    JRU Library SHELF-65-I 31/05/2016 285.00 658.4 6292 Books MANAGEMENT JRU Library
    JRU Library SHELF-65-I 31/05/2016 285.00 658.4 6293 Books MANAGEMENT JRU Library
    JRU Library SHELF-30-F 31/05/2016 285.00 658.4 6294 Books Non-fiction  
    JRU Library SHELF-65-I 31/05/2016 285.00 658.4 6295 Books MANAGEMENT JRU Library
    JRU Library SHELF - 19 - J 31/05/2016 285.00 658.4 6296 Books    
    JRU Library SHELF-65-I 31/05/2016 285.00 658.4 6297 Books    
    JRU Library SHELF - 19 - J 31/05/2016 285.00 658.4 6298 Books    
    JRU Library SHELF-65-I 31/05/2016 285.00 658.4 6299 Books    
    JRU Library SHELF-65-I 31/05/2016 285.00 658.4 6300 Books MANAGEMENT JRU Library
    JRU Library SHELF-38-B 31/05/2016 285.00 658.4 6301 Books MANAGEMENT JRU Library